Southville International School and Colleges
Your cart is empty.
  • Cart
  • Lists
    Public lists Eva Luna New books Lux_list list_1
    Your lists Log in to create your own lists
  • Log in to your account
  • Your cookies
  • Search history
Southville International School and Colleges
  • Advanced search
  • Recent comments
  • Most popular
  • Libraries

Log in to your account

Log in with GOOGLE


If you do not have an external account, but do have a local account, you can still log in:

  1. Home
  2. MARC view: A Journal of the Swedish Embassy in the Years 1653 and 1654, Vol II.
Normal view MARC view ISBD view

A Journal of the Swedish Embassy in the Years 1653 and 1654, Vol II. (Record no. 246662)

[ view plain ]
MARC details
000 -LEADER
fixed length control field 00914cam a22002773a 4500
001 - CONTROL NUMBER
control field 17407
003 - CONTROL NUMBER IDENTIFIER
control field PGUSA
005 - DATE AND TIME OF LATEST TRANSACTION
control field 20140828083354.0
008 - FIXED-LENGTH DATA ELEMENTS--GENERAL INFORMATION
fixed length control field 051228s2005||||xxu|||||s|||||000 | eng d
040 ## - CATALOGING SOURCE
Original cataloging agency PGUSA
Language of cataloging eng
042 ## - AUTHENTICATION CODE
Authentication code dc
050 #4 - LIBRARY OF CONGRESS CALL NUMBER
Classification number DL
100 1# - MAIN ENTRY--PERSONAL NAME
Personal name Whitlocke, Bulstrode,
Dates associated with a name 1605-1675
245 12 - TITLE STATEMENT
Title A Journal of the Swedish Embassy in the Years 1653 and 1654, Vol II.
Medium [electronic resource] /
Statement of responsibility, etc Bulstrode Whitlocke
260 ## - PUBLICATION, DISTRIBUTION, ETC. (IMPRINT)
Name of publisher, distributor, etc Project Gutenberg,
Date of publication, distribution, etc 2005
506 ## - RESTRICTIONS ON ACCESS NOTE
Terms governing access Public domain in the USA.
516 ## - TYPE OF COMPUTER FILE OR DATA NOTE
Type of computer file or data note Electronic text
653 ## - INDEX TERM--UNCONTROLLED
Uncontrolled term Sweden -- History -- Christina, 1632-1654
653 ## - INDEX TERM--UNCONTROLLED
Uncontrolled term Great Britain -- Foreign relations -- Sweden
653 ## - INDEX TERM--UNCONTROLLED
Uncontrolled term Sweden -- Foreign relations -- Great Britain
700 1# - ADDED ENTRY--PERSONAL NAME
Personal name Reeve, Henry,
Dates associated with a name 1813-1895
700 1# - ADDED ENTRY--PERSONAL NAME
Personal name Morton, Charles,
Dates associated with a name 1716-1799
830 #0 - SERIES ADDED ENTRY--UNIFORM TITLE
Uniform title Project Gutenberg
Volume number/sequential designation 17407
856 40 - ELECTRONIC LOCATION AND ACCESS
Uniform Resource Identifier <a href="http://www.gutenberg.org/ebooks/17407">http://www.gutenberg.org/ebooks/17407</a>
942 ## - ADDED ENTRY ELEMENTS (KOHA)
Koha item type eBooks
Holdings
Withdrawn status Lost status Damaged status Home library Current library Date acquired Total Checkouts Date last seen Price effective from Koha item type
      Project Gutenberg Project Gutenberg 08/28/2014   08/28/2014 08/28/2014 eBooks

A Journal of the Swedish Embassy in the Years 1653 and 1654, Vol II.

APA

Whitlocke B., Reeve H. & Morton C. (2005). A Journal of the Swedish Embassy in the Years 1653 and 1654, Vol II. : Project Gutenberg.

Chicago

Whitlocke Bulstrode, Reeve Henry and Morton Charles. 2005. A Journal of the Swedish Embassy in the Years 1653 and 1654, Vol II. : Project Gutenberg.

Harvard

Whitlocke B., Reeve H. and Morton C. (2005). A Journal of the Swedish Embassy in the Years 1653 and 1654, Vol II. : Project Gutenberg.

MLA

Whitlocke Bulstrode, Reeve Henry and Morton Charles. A Journal of the Swedish Embassy in the Years 1653 and 1654, Vol II. : Project Gutenberg. 2005.

  • Place hold
  • Print
  • Cite
  • Add to your cart (remove)
  • Save record
    BIBTEX Dublin Core MARCXML MARC (non-Unicode/MARC-8) MARC (Unicode/UTF-8) MARC (Unicode/UTF-8, Standard) MODS (XML) RIS
  • More searches
    Search for this title in:
    Other Libraries (WorldCat) Other Databases (Google Scholar) Online Stores (Bookfinder.com) Open Library (openlibrary.org)

Exporting to Dublin Core...

SOUTHVILLE LIBRARY

Southville International School and Colleges Library

1281 Tropical Ave. Cor. Luxembourg St., BF Homes International, Las Pinas City

Tel. No. 8256374 / 252358 Loc. 117/146

Powered by Koha